Statistics for Movie Titles with Exclamation Points!

Click here to take the quiz!

General Stats

  • This quiz has been taken 134 times
    (125 since last reset)
  • The average score is 12 of 20

Answer Stats

Year!Hint!Movie!% Correct
1968Charles Dickens' orphan musicalOliver!
89%
1965The Beatles call for assistanceHelp!
85%
2008ABBA jukebox musical with Meryl StreepMamma Mia!
85%
1980A spoof of aviation disaster movies, surelyAirplane!
77%
2019Teen becomes adult superhero when he says...Shazam!
74%
2001Kidman, McGregor musical in Parisian windmillMoulin Rouge!
70%
1978Deadly vegetables! (Or are they fruit?)Attack of the Killer Tomatoes!
66%
2008Dr Seuss's elephant storyHorton Hears a Who!
66%
1955Musical set in the Sooner StateOklahoma!
63%
2017Pregnant Jennifer Lawrence is an expectant...mother!
60%
1989Jerry Lee Lewis biopic. Goodness Gracious...Great Balls of Fire!
59%
1986Martin, Chase, Short are trio of pals in Mexico¡Three Amigos!
59%
1996Tim Burton's martians don't come in peaceMars Attacks!
57%
1988Leslie Nielsen is Lieutenant Frank DrebinThe Naked Gun: From the Files of Police Squad!
52%
2005A young soccer player aims at this...Goal!
51%
2021Andrew Garfield writing an explosive musicalTick, Tick... BOOM!
50%
1991Top Gun spoof starring Charlie SheenHot Shots!
37%
1984Val Kilmer's WW2 spoof is highly classifiedTop Secret!
37%
1969Hi Barbara Streisand! Matchmaker musicalHello, Dolly!
34%
1992Stallone's cop teams up with his motherStop! Or My Mom Will Shoot
34%

Score Distribution

Percentile by Number Answered

Percent of People with Each Score

Your Score History

You have not taken this quiz since the last reset